Deuda y pobreza en América Latina /

Сохранить в:
Библиографические подробности
Главный автор: Osorio Paz, Saúl
Формат: Текст
Предметы:
Метки: Добавить метку
Нет меток, Требуется 1-ая метка записи!

MARC

LEADER 00000 a a2200000 04500
001 45923
003
040
090 |a REV0657 (82) 1995  
100 |a Osorio Paz, Saúl  
245 |a Deuda y pobreza en América Latina /  |c Saúl Ososrio Paz  
650 |a AMERICA LATINA  
650 |a POBREZA  
773 |g número82 (1995), páginas 2-5  
999 |c 36975  |d 36975